Taylor Swift - You're On Your Own, Kid (Lyrics) - Statistics

General Stats
  • This quiz has been taken 10,811 times
    10,807 since last reset
  • The average score is 232 of 298
Answer Stats
Answer % Correct
a
99%
I
98%
be
97%
the
97%
The
97%
you
97%
You
97%
your
96%
to
95%
on
94%
by
93%
kid
93%
my
93%
My
93%
own,
93%
you're
92%
You're
92%
away,
91%
away
91%
friends
91%
it
91%
always
90%
have
90%
he
90%
From
89%
from
89%
we're
89%
were
89%
as
88%
been
88%
no
88%
so
88%
So,
88%
this
88%
and
87%
And
87%
in
87%
body
86%
me
86%
of
85%
party
85%
ashes
84%
there
84%
fireplace
83%
make
83%
with
83%
Summer
82%
splashes
81%
went
81%
take
80%
best
79%
blood,
79%
blood
79%
sprinkler
78%
stay
78%
face
77%
still,
77%
for
76%
not
76%
starved
76%
can
75%
just
75%
Just
75%
play
73%
hosted
72%
tears
72%
what
72%
sweat,
71%
don't
71%
dream
71%
know
71%
perfect
71%
say
71%
wait
71%
cool
70%
gave
70%
home
70%
It's
70%
it's
70%
kiss
70%
Something
70%
something
70%
took
70%
jokes
69%
money
69%
parties
69%
saved
69%
that
69%
funny,
68%
see
68%
weren't
68%
he's
67%
Like
67%
them
67%
yearning
67%
hear
66%
I'd
66%
notice
66%
gonna
65%
around
64%
boys
64%
they
64%
All
63%
friendship
63%
smoking
63%
voice,
63%
gown
62%
looked
62%
okay,
62%
stays
62%
who
62%
better
61%
days
61%
learn
61%
never
61%
one
61%
out
61%
patiently,
61%
soaked
61%
bracelets,
60%
can't
60%
moment
60%
saw
60%
Anyway
59%
bodies
59%
could
59%
getting
59%
search
58%
town,
58%
bridges
57%
burned
57%
cared
57%
pages
57%
is
56%
There's
56%
touch
56%
phone
55%
turned
55%
afraid
54%
'Cause
54%
Daisy
54%
didn't
54%
got
54%
loves
54%
May
54%
reason
54%
taste
54%
choose
53%
dreams
53%
long,
53%
aren't
52%
if
52%
step
52%
waited
52%
ages
51%
rare
51%
You've
50%
great
49%
lot
49%
parking
49%
Yeah,
49%
escape,
48%
run
48%
lose
47%
petals,
47%
room
47%
Everything
46%
taxi
46%
picked
45%
different
44%
songs
44%
called
41%
bloomed,
39%
I'll
39%
writing
39%
No matching quizzes found
Score Distribution
Percent of People with Each Score
Percentile by Number Answered
Your Score History
You have not taken this quiz since the last reset